Państwa członkowskie Unii Europejskiej w kolejności. - Statystyki

Ogólne statystyki
  • Ten quiz został rozwiązany 63 razy
  • Średni wynik to 16 z 28
Statystyki odpowiedzi
Rok Państwo % Poprawnych
1951 Belgia
93%
1951 Francja
85%
1951 Holandia
78%
1951 Luksemburg
74%
1951 Niemcy
74%
1951 Włochy
74%
1973-2020 Wielka Brytania
67%
1986 Hiszpania
59%
1986 Portugalia
59%
1995 Austria
52%
1973 Dania
52%
2004 Estonia
52%
1995 Finlandia
52%
1981 Grecja
52%
1973 Irlandia
52%
2004 Słowacja
52%
1995 Szwecja
52%
2013 Chorwacja
48%
2004 Cypr
48%
2004 Czechy
48%
2004 Litwa
48%
2004 Łotwa
48%
2004 Polska
48%
2004 Słowenia
48%
2007 Bułgaria
44%
2004 Malta
44%
2004 Węgry
44%
2007 Rumunia
41%
Nie znaleziono quizów pasujących do podanych kryteriów
Rozkład punktacji
Procent ludzi z każdym wynikiem
Percentyl według liczby udzielonych odpowiedzi
Twoja historia wyników
Nie rozwiązałeś tego quizu